000
00326nam a2200145Ia 4500
008
150201s2011 xx 000 0 und d
082
_a
610.7
_b
N11S
100
_a
SIRRA , ESTHER
245
_a
NURSING PROCESS
250
_a
2ND
260
_b
ELSEVIER
_a
INDIA
_c
2011
300
_a
150
650
_a
NURSING
942
_2
ddc
_c
BK
_0
3
999
_c
2091
_d
2091